| 000 | 00525 a2200181 4500 | ||
|---|---|---|---|
| 005 | 20260422125659.0 | ||
| 008 | 260422b |||||||| |||| 00| 0 eng d | ||
| 020 |
_a9781032768861 _cRs. 1295.00 |
||
| 040 | _aMAIN | ||
| 082 |
_a327.101 _bM896R |
||
| 100 | _aMukhopadhyay, Amartya | ||
| 245 | _aRealist paradigm of international relations: Power, systems and game theories | ||
| 260 |
_bRoutledge _c2024 _aNew York |
||
| 300 | _axv, 255 | ||
| 650 | _aInternational Relations | ||
| 650 | _aPolitical Science | ||
| 942 | _cBK | ||
| 999 |
_c395323 _d395323 |
||